| 000 | 00554nam a2200193 a 4500 | ||
|---|---|---|---|
| 005 | 20210223130915.0 | ||
| 008 | 090126s2005 mx r 000 0 spa d | ||
| 020 | _a9706416455 | ||
| 035 | _aUPN01000168573 | ||
| 049 | _aI | ||
| 050 | 4 |
_aPZ74 _bG3.3 |
|
| 100 | 1 |
_aGarcía Vistorte, Geovanys F., _d1972- |
|
| 245 | 1 | 3 |
_aEl día de los deseos cumplidos / _cGeovanys F. García Vistore. |
| 260 |
_aMéxico : _bProgreso, _c2005. |
||
| 300 |
_a60 p. : _bil. col. |
||
| 440 | 0 | _aRehilete | |
| 650 | 4 |
_aCUENTOS INFANTILES CUBANOS _911212 |
|
| 905 | _aInfantil | ||
| 999 |
_c140679 _d140679 |
||